{"text_format":"3","workbook":"xlsx","n_sheets":2,"sheets":["list","data"],"not_rendered":{"defined_names":9},"read":"whole","date_system":"1900"}

{"sheet":"list","index":0,"n_rows":26,"n_cols":20,"rows_kept":26}
["№","Код участника","Название ОУ","СНИЛС","Фамилия","Имя","Отчество","Пол","Дата рождения","Участник с ОВЗ","Класс","Класс участия","Первичный балл","Добавлено по итогам апелляций","Итоговый балл","Макс. Балл","Статус","Призер регионального / республиканского этапа прошлого года","Учитель","Место работы учителя"]
[1,"481002_15754008366_17","МБОУ «Тетюшская  CОШ №2 им. А.А. Соколовского»",15754008366,"Знатнов","Глеб","Сергеевич","м","25.01.2010","нет",8,8,27,null,27,100,"участник",null,"Хатыпова Дилбяр Гильмановна","МБОУ \"Тетюшская СОШ№2 им.А.А.Соколовского\""]
[2,"481002_16218280654_17","МБОУ «Тетюшская  CОШ №2 им. А.А. Соколовского»",16218280654,"Алексеева","Софья","Андреевна","ж","30.07.2010","нет",8,8,38,null,38,100,"участник",null,"Хатыпова Дилбяр Гильмановна","МБОУ \"Тетюшская СОШ№2 им.А.А.Соколовского\""]
[3,"481001_15798390433_17","МБОУ \"Тетюшская СОШ №1 им.Ханжина П.С.\"",15798390433,"Левин","Ярослав","Антонович","м","12.02.2010","нет",8,8,90,null,90,100,"призер",null,"Горшкова Наталья Анатольевна","МБОУ \"Тетюшская СОШ №1 им.Ханжина П.С.\""]
[4,"481001_16079917601_17","МБОУ \"Тетюшская СОШ №1 им.Ханжина П.С.\"",16079917601,"Никитина","Кира","Сергеевна","ж","17.06.2010","нет",8,8,90,null,90,100,"призер",null,"Горшкова Наталья Анатольевна","МБОУ \"Тетюшская СОШ №1 им.Ханжина П.С.\""]
[5,"481001_16377559713_17","МБОУ \"Тетюшская СОШ №1 им.Ханжина П.С.\"",16377559713,"Рахимова","Диляра","Ильнуровна","ж","24.12.2010","нет",8,8,90,null,90,100,"призер",null,"Горшкова Наталья Анатольевна","МБОУ \"Тетюшская СОШ №1 им.Ханжина П.С.\""]
[6,"481001_15860731584_17","МБОУ \"Тетюшская СОШ №1 им.Ханжина П.С.\"",15860731584,"Кильганова","Ульяна","Денисовна","ж","17.03.2010","нет",8,8,75,null,75,100,"призер",null,"Горшкова Наталья Анатольевна","МБОУ \"Тетюшская СОШ №1 им.Ханжина П.С.\""]
[7,"481001_15788028915_17","МБОУ \"Тетюшская СОШ №1 им.Ханжина П.С.\"",15788028915,"Марготнова","Яна","Дмитриевна","ж","24.01.2010","нет",8,8,90,null,90,100,"призер",null,"Горшкова Наталья Анатольевна","МБОУ \"Тетюшская СОШ №1 им.Ханжина П.С.\""]
[8,"482006_16736479411_17","Муниципальное бюджетное общеобразовательное учреждение «Большешемякинская средняя общеобразовательная школа» Тетюшского муниципального района Республики Татарстан",16736479411,"Хуснутдинов","Эмиль","Аделевич","м","09.01.2009","нет",8,8,79,null,79,100,"призер",null,"Смирнова Ольга Николаевна","МБОУ \"Большешемякинская СОШ\""]
[9,"481003_16239189685_17","ГБОУ «Тетюшская кадетская школа-интернат\"",16239189685,"Голудец","Ярослав","Сергеевич","м","07.10.2010","нет",8,8,80,null,80,100,"призер",null,"Мустаева Лариса Николаевна","Государственное бюджетное общеобразовательное учреждение «Тетюшская кадетская школа-интернат имени генерал - майора Хапаева Владимира Аверкиевича»"]
[10,"482006_16332247140_17","Муниципальное бюджетное общеобразовательное учреждение «Большешемякинская средняя общеобразовательная школа» Тетюшского муниципального района Республики Татарстан",16332247140,"Погодин","Илья","Владиленовичм","м","10.12.2010","нет",8,8,82,null,82,100,"призер",null,"Смирнова Ольга Николаевна","МБОУ \"Большешемякинская СОШ\""]
[11,"481002_16230037516_34","МБОУ «Тетюшская  CОШ №2 им. А.А. Соколовского»",16230037516,"Кабанов","Владимир","Денисович","м","17.09.2010","нет",8,8,91,null,91,100,"победитель",null,"Хатыпова Дилбяр Гильмановна","МБОУ \"Тетюшская СОШ №2 им.А.А.Соколовского\""]
[12,"481002_15413535137_17","МБОУ «Тетюшская  CОШ №2 им. А.А. Соколовского»",15413535137,"Привалов","Константин","Эдуардович","м","17.03.2009","нет",9,9,52,null,52,100,"участник",null,"Хатыпова Дилбяр Гильмановна","МБОУ \"Тетюшская СОШ№2 им.А.А.Соколовского\""]
[13,"481002_16512275854_17","МБОУ «Тетюшская  CОШ №2 им. А.А. Соколовского»",16512275854,"Гавриков","Иван","Сергеевич","м","07.07.2009","нет",9,9,59,null,59,100,"участник",null,"Хатыпова Дилбяр Гильмановна","МБОУ \"Тетюшская СОШ№2 им.А.А.Соколовского\""]
[14,"482006_15497133286_17","Муниципальное бюджетное общеобразовательное учреждение «Большешемякинская средняя общеобразовательная школа» Тетюшского муниципального района Республики Татарстан",15497133286,"Лашманова","Ксения","Евгеньевна","ж","02.06.2009","нет",9,9,60,null,60,100,"участник",null,"Смирнова Ольга Николаевна","МБОУ \"Большешемякинская СОШ\""]
[15,"481003_19102971662_17","ГБОУ «Тетюшская кадетская школа-интернат\"",19102971662,"Гурьев","Владимир","Владимирович","м","02.05.2010","нет",9,9,70,null,70,100,"призер",null,"Мустаева Лариса Николаевна","Государственное бюджетное общеобразовательное учреждение «Тетюшская кадетская школа-интернат имени генерал - майора Хапаева Владимира Аверкиевича»"]
[16,"481003_16440539257_17","ГБОУ «Тетюшская кадетская школа-интернат\"",16440539257,"Краснов","Валерий","Николаевич","м","10.03.2010","нет",9,9,72,null,72,100,"призер",null,"Мустаева Лариса Николаевна","Государственное бюджетное общеобразовательное учреждение «Тетюшская кадетская школа-интернат имени генерал - майора Хапаева Владимира Аверкиевича»"]
[17,"481002_15413535036_17","МБОУ «Тетюшская  CОШ №2 им. А.А. Соколовского»",15413535036,"Привалова","Кристина","Эдуардовна","ж","17.03.2009","нет",9,9,92,null,92,100,"победитель",null,"Хатыпова Дилбяр Гильмановна","МБОУ \"Тетюшская СОШ№2 им.А.А.Соколовского\""]
[18,"481002_15006771029_17","МБОУ «Тетюшская  CОШ №2 им. А.А. Соколовского»",15006771029,"Романов","Вадим","Владимирович","м","03.04.2008","нет",10,10,11,null,11,100,"участник",null,"Хатыпова Дилбяр Гильмановна","МБОУ \"Тетюшская СОШ№2 им.А.А.Соколовского\""]
[19,"481001_16434114138_17","МБОУ \"Тетюшская СОШ №1 им.Ханжина П.С.\"",16434114138,"Волков","Константин","Евгеньевич","м","17.01.2008","нет",10,10,71,null,71,100,"призер","да","Горшкова Наталья Анатольевна","МБОУ \"Тетюшская СОШ №1 им.Ханжина П.С.\""]
[20,"481002_15045877064_17","МБОУ «Тетюшская  CОШ №2 им. А.А. Соколовского»",15045877064,"Арсеньев","Богдан","Александрович","м","01.05.2008","нет",10,10,72,null,72,100,"призер",null,"Хатыпова Дилбяр Гильмановна","МБОУ \"Тетюшская СОШ№2 им.А.А.Соколовского\""]
[21,"481003_17342460861_17","ГБОУ «Тетюшская кадетская школа-интернат\"",17342460861,"Ткаченко","Всеволод","Андреевич","м","25.04.2008","нет",10,10,73,null,73,100,"призер",null,"Мустаева Лариса Николаевна","Государственное бюджетное общеобразовательное учреждение «Тетюшская кадетская школа-интернат имени генерал - майора Хапаева Владимира Аверкиевича»"]
[22,"481003_15775707712_17","ГБОУ «Тетюшская кадетская школа-интернат\"",15775707712,"Никоноров","Никита","Александрович","м","18.03.2008","нет",10,10,76,null,76,100,"победитель",null,"Мустаева Лариса Николаевна","Государственное бюджетное общеобразовательное учреждение «Тетюшская кадетская школа-интернат имени генерал - майора Хапаева Владимира Аверкиевича»"]
[23,"481002_16079735393_17","МБОУ «Тетюшская  CОШ №2 им. А.А. Соколовского»",16079735393,"Маннанов","Кирилл","Артурович","м","22.05.2007","нет",11,11,58,null,58,100,"участник",null,"Хатыпова Дилбяр Гильмановна","МБОУ \"Тетюшская СОШ№2 им.А.А.Соколовского\""]
[24,"481001_16083599387_17","МБОУ \"Тетюшская СОШ №1 им.Ханжина П.С.\"",16083599387,"Молодцов","Дмитрий","Анатольевич","м","26.10.2006","нет",11,11,91,null,91,100,"призер",null,"Горшкова Наталья Анатольевна","МБОУ \"Тетюшская СОШ №1 им.Ханжина П.С.\""]
[25,"481001_16145944270_17","МБОУ \"Тетюшская СОШ №1 им.Ханжина П.С.\"",16145944270,"Аввакумов","Данил","Сергеевич","м","09.03.2007","нет",11,11,94,null,94,100,"победитель",null,"Горшкова Наталья Анатольевна","МБОУ \"Тетюшская СОШ №1 им.Ханжина П.С.\""]

{"sheet":"data","index":1,"n_rows":25,"n_cols":10,"rows_kept":25}
[{"$nulls":6},"1 - Техника, технология и техническое творчество","2 - Культура дома, дизайн и технологии","3 - Робототехника","4 - Информационная безопасность"]
["1 - Техника, технологии и техническое творчество","1.1  Практика по ручной деревообработке",{"$nulls":4},"1.1 Практика по ручной деревообработке","2.1 Ручная обработка швейного изделия или узла","3.1 Робототехника","4.1 Не предусмотрена"]
["2 - Культура дома, дизайн и технологии","1.2 Практика по механической деревообработке",{"$nulls":4},"1.2 Практика по механической деревообработке","2.2 Механическая обработка швейного изделия или узла + Моделирование"]
["3 - Робототехника","1.3 Практика по ручной металлообработке",{"$nulls":4},"1.3 Практика по ручной металлообработке","2.3 Обработка швейного изделия или узла на швейно-вышивальном оборудовании + Моделирование"]
["4 - Информационная безопасность","1.4 Практика по механической металлообработке",{"$nulls":4},"1.4 Практика по механической металлообработке","2.4 3D-моделирование и печать"]
[null,"1.5 Электрорадиотехника",{"$nulls":4},"1.5 Электрорадиотехника","2.5 Практика по работе на лазерно-гравировальном станке"]
[null,"1.6 3D-моделирование и печать",{"$nulls":4},"1.6 3D-моделирование и печать","2.6 Промышленный дизайн"]
[null,"1.7 Практика по работе на лазерно-гравировальном станке",{"$nulls":4},"1.7 Практика по работе на лазерно-гравировальном станке"]
[null,"1.8 Промышленный дизайн",{"$nulls":4},"1.8 Промышленный дизайн"]
[null,"2.1 Ручная обработка швейного изделия или узла"]
[null,"2.2 Механическая обработка швейного изделия или узла + Моделирование"]
[null,"2.3 Обработка швейного изделия или узла на швейно-вышивальном оборудовании + Моделирование"]
[null,"2.4 3D-моделирование и печать"]
[null,"2.5 Практика по работе на лазерно-гравировальном станке"]
[null,"2.6 Промышленный дизайн"]
[null,"3.1 Робототехника"]
[null,"4.1 Не предусмотрена"]
[]
[]
[]
[]
[]
["участник"]
["призер",null,"да","да",null,"м"]
["победитель",null,null,"нет",null,"ж"]